Bibliography of agricultural bibliographies.

Bibliographic Details
Corporate Author: Technical Information Systems (U.S.)
Format: Government Document Serial
Language:English
Published: Beltsville, Md. : Dept. of Agriculture, Science and Education Administration, Technical Information Systems.
Series:Bibliographies and literature of agriculture ; BLA-
Subjects:
Online Availability: Check for online availability

MARC

Tag First Indicator Second Indicator Subfields
LEADER 00000cas a22000005 4500
001 in00000808917
005 20151017093034.0
008 790211c19779999mduar1 b f0uuua0eng d
010 |a gp 79010758  
010 |a  79640327  
022 0 |a 0190-7077 
035 |a (OCoLC)04655722 
035 |9 ADS9006AM 
037 |b 20705 
040 |a PAU  |c PAU  |d DLC  |d NSD  |d GPO  |d UtOrBLW 
043 |a n-us--- 
074 |a 32-B-1 
086 |a A 106.110/3: 
086 |a A 1.60/3: 
222 0 |a Bibliography of agricultural bibliographies 
245 0 0 |a Bibliography of agricultural bibliographies. 
264 1 |a Beltsville, Md. :  |b Dept. of Agriculture, Science and Education Administration, Technical Information Systems. 
300 |c 28 cm. 
336 |a text  |b txt  |2 rdacontent 
337 |a unmediated  |b n  |2 rdamedia 
338 |a volume  |b nc  |2 rdacarrier 
362 0 |a 1977- 
490 1 |a Bibliographies and literature of agriculture ;  |v BLA 
500 |a "A categorized listing of bibliographies indexed in Agricola." 
500 |a Previously classed: A 106.110/3: 
650 0 |a Agriculture  |v Bibliography  |v Catalogs. 
650 0 |a Bibliography of bibliographies  |x Agriculture. 
710 2 |a Technical Information Systems (U.S.) 
760 0 |a United States. Technical Information Systems.  |t Bibliographies and literature of agriculture  |x 0163-0873 
830 0 |a Bibliographies and literature of agriculture ;  |v BLA- 
999 |a MARS 
999 f f |s bb29b4dd-5e67-36da-8d76-2e65cec839e5  |i ec194a69-79f3-3ac7-b72b-63c85cd86eb2  |t 0 
952 f f |p normal  |a Texas A&M University  |b College Station  |c Sterling C. Evans Library  |d Evans: US Documents (Annex 5th floor)  |t 0  |e A 1.60/3:  |h Superintendent of Documents classification  |i unmediated -- volume  |l 1978-1982  |m A14813218473 
952 f f |p normal  |a Texas A&M University  |b College Station  |c Sterling C. Evans Library  |d Evans: US Documents (Annex 5th floor)  |t 0  |e A 1.60/3:  |h Superintendent of Documents classification  |i unmediated -- volume  |l 1983  |m A14813218481 
998 f f |a A 1.60/3:  |t 0  |l Evans: US Documents (Annex 5th floor)